Coordination chemistry : (Record no. 20721)

MARC details
000 -LEADER
fixed length control field 00560nam a22001937a 4500
003 - CONTROL NUMBER IDENTIFIER
control field OSt
005 - DATE AND TIME OF LATEST TRANSACTION
control field 20250612143222.0
008 - FIXED-LENGTH DATA ELEMENTS--GENERAL INFORMATION
fixed length control field 250612b |||||||| |||| 00| 0 eng d
020 ## - INTERNATIONAL STANDARD BOOK NUMBER
International Standard Book Number 9783662664407
040 ## - CATALOGING SOURCE
Original cataloging agency KABU
Transcribing agency KABU
050 ## - LIBRARY OF CONGRESS CALL NUMBER
Classification number QD474
Item number .W43 2021
100 ## - MAIN ENTRY--PERSONAL NAME
Personal name Weber, Birgit
245 ## - TITLE STATEMENT
Title Coordination chemistry :
Remainder of title basics and current trends /
Statement of responsibility, etc. Birgit Weber
260 ## - PUBLICATION, DISTRIBUTION, ETC. (IMPRINT)
Place of publication, distribution, etc. Berlin, Germany:
Name of publisher, distributor, etc. Springer Spektrum,
Date of publication, distribution, etc. 2021
300 ## - PHYSICAL DESCRIPTION
Extent xvii, 266p.
504 ## - BIBLIOGRAPHY, ETC. NOTE
Bibliography, etc Includes Bibliographical references
650 ## - SUBJECT ADDED ENTRY--TOPICAL TERM
Topical term or geographic name as entry element Coordination compounds
942 ## - ADDED ENTRY ELEMENTS (KOHA)
Source of classification or shelving scheme Library of Congress Classification
Koha item type General Collection
Holdings
Withdrawn status Lost status Source of classification or shelving scheme Not for loan Home library Current library Shelving location Date acquired Cost, normal purchase price Inventory number Total Checkouts Full call number Barcode Date last seen Copy number Price effective from Koha item type
    Library of Congress Classification   Kabarak, Main Campus Kabarak, Main Campus General Stacks 12/06/2025 8275.00 2025/2087   QD474 .W43 2021 C.3 33191 12/06/2025 C.3 12/06/2025 General Collection
    Library of Congress Classification   Kabarak, Main Campus Kabarak, Main Campus General Stacks 12/06/2025 8275.00 2025/2088   QD474 .W43 2021 C.1 33190 12/06/2025 C.1 12/06/2025 General Collection
    Library of Congress Classification   Kabarak, Main Campus Kabarak, Main Campus General Stacks 12/06/2025 8275.00 2025/2089   QD474 .W43 2021 C.2 33189 12/06/2025 C.2 12/06/2025 General Collection
Designed with assistance from East African Informatics Ltd